000 01165nab a22002177a 4500
999 _c6411
_d6411
003 OSt
005 20260202115336.0
008 190429b xxu||||| |||| 00| 0 spa d
040 _cPJ
100 _97046
_aSukevicius, Ariel D.
245 1 0 _aConsideraciones sobre la publicación irrestricta de resoluciones judiciales en materia penal. ¿Puede incurrirse en el delito de violación de secreto? /
_b¿puede incurrirse en el delito de violación de secreto? /
_cAriel D. Sukevicius.
260 _cCiudad Autónoma de Buenos Aires :
_aThomson Reuters La Ley,
_b2023.
300 _ap. 5-15
500 _aCita Online: AR/DOC/1820/2023.
505 _aSumario: I. Introducción.— II. El actual esquema de publicación en el ámbito nacional.— III. Límites a la difusión de los pronunciamientos.— IV. Conclusiones.
505 _tSi te interesa el texto completo, solicitalo a koha@justierradelfuego.gov.ar
650 0 _9343
_aDERECHO PENAL
650 0 _aSENTENCIA
_92095
773 0 _02658
_93164
_tRevista de derecho penal y criminología. Nº 8 - Septiembre 2023
_dCiudad Autónoma de Buenos Aires : Thomson Reuters La Ley, 2017-
_x00347914
942 _2udc
_cANA